000 00300nam a22001337a 4500
008 171102b xxu||||| |||| 00| 0 eng d
020 _a9780071754996
041 _aeng
080 _a33
100 _a59
101 _aBUS
245 _aTHE SOCIAL INNOVATION IMPERATIVE
_cBATES,S.M
942 _2udc
_cBK
999 _c37237
_d37237